000 01783cam a22004694i 4500
003 PE-LiUPU
005 20250731173404.0
008 150706s2007 miua rb 000 0 spa d
020 _a9781558834743
035 _a(Sirsi) i9781558834743
040 _aPE-LiUPU
_bspa
_cPE-LiUPU
_erda
049 _aPRUA
082 0 4 _a253.53
_bR14
_221
100 1 _aRadillo, Rebeca M.,
_eautor.
245 1 0 _aCuidado pastoral :
_bcontextual e integral /
_cRebeca M. Radillo.
264 1 _aMichigan :
_bLibros desafío,
_c2007.
300 _a117 páginas :
_bilustraciones ;
_c23 centímetros
336 _atext
_2rdacontent
337 _aunmediated
_2rdamedia
338 _avolume
_2rdacarrier
504 _aIncluye notas bibliográficas al final de cada capítulo.
505 0 _aTeología del cuidado pastoral -- Funciones del cuidado pastoral -- El desarrollo de comunidades de fe saludables y genuinas -- Las crisis y el cuidado pastoral -- Cuidado pastoral ético.
526 _aSEG42
526 _aSEG41
526 _aSEG40
526 _aSEG39
526 _aP94
526 _aP87
526 _aP86
526 _aP85
526 _aP77
526 _aP76
526 _aP35
541 _g001-0000520;
650 0 4 _aLiderazgo Pastoral.
910 _cjck
_d20110804
942 _2ddc
_cBOOK
949 _a253.53 R14
_wDEWEY
_c1
_i63254
_lCCODEBUL1
_mBUL
_p10.00
_r0
_sY
_tBOOK
_u2015-7-6
_xTEOLOGIA
_PP35
_o.STAFF. Colección General
994 _aC0
_bPEPRU
596 _a1
999 _a253.53 R14
_wDEWEY
_c52256
_i63254
_d52256
_e2019-4-28
_f2021-11-10
_g5
_lCCODEBUL1
_mBUL
_n4
_p10.00
_q3
_r0
_sY
_tBOOK
_u2015-7-6
_xTEOLOGIA
_PP35
_0COMPRA
_o.STAFF. Colección Teología
980 _81
_gALBERTO SANCHEZ Responsable de Automatización